Štátne bankroty v modernej histórii bakalárska práca

Salvato in:
Dettagli Bibliografici
Autore principale: Draganovská, Barbora
Ente Autore: Obchodná fakulta EU. Katedra medzinárodného obchodu
Altri autori: Dráb, Ján
Natura: Libro
Lingua:slovacco
Pubblicazione: Bratislava 2015
Tags: Aggiungi Tag
Nessun Tag, puoi essere il primo ad aggiungerne!!

MARC

LEADER 00000nbm a2200000 4500
001 0203286
005 20161212105845.8
041 0 |a slo 
044 |a SK 
245 1 0 |a Štátne bankroty v modernej histórii  |b bakalárska práca  |c Barbora Draganovská ; školiteľ: Ján Dráb 
264 1 |a Bratislava  |c 2015 
300 |a 49 s. 
100 1 |a Draganovská, Barbora 
700 1 |a Dráb, Ján 
710 2 |a Obchodná fakulta EU. Katedra medzinárodného obchodu